Crash of Cars - Cars By Picture - Statistics

General Stats
  • This quiz has been taken 6 times
    5 since last reset
  • The average score is 18 of 24
Answer Stats
Picture Answer % Correct
Energy Car
100%
Franken Car
100%
Galaxy
100%
Gigawatt
100%
Limo
100%
RC Van
100%
Speed
100%
Submarine
100%
Tank
100%
Vertigo
100%
Wind Up
100%
Lean
80%
Sphinx
80%
Tsunami
80%
Twinkle
80%
Bubble
60%
Luxury
60%
Mutiny
60%
Ricochet
60%
Griffinelli
40%
Smooth
40%
Sport
40%
Tuner
40%
Swift
20%
No matching quizzes found
Score Distribution
Percent of People with Each Score
Percentile by Number Answered
Your Score History
You have not taken this quiz since the last reset